| 000 | 00782cab a2200265 4500 | ||
|---|---|---|---|
| 001 | WB2812-37 | ||
| 008 | 090401t1992 xxu||||| |||| 00| 0 eng d | ||
| 035 | _a(Sirsi) u60048 | ||
| 041 | _aeng | ||
| 245 | _aDefining sole agency | ||
| 260 | _c1992 | ||
| 350 | _a0 | ||
| 490 |
_aEstates Gazette _v(9210) 14 March 1992, 103(1) |
||
| 520 | _aExamines the effect of Estate Agents (Provision of Information) Regulations 1991 on sole agency. | ||
| 650 | _aCOMMISSION | ||
| 650 | _aDEFINITION | ||
| 650 | _aESTATE AGENCY | ||
| 650 | _aESTATE AGENTS (PROVISION OF INFORMATION) REGULATIONS 1991 | ||
| 650 | _aFEES | ||
| 650 | _aINTRODUCTION | ||
| 650 | _aSOLE AGENCY | ||
| 690 | _aMANAGEMENT-BUSINESS MANAGEMENT-PROFESSIONAL PRACTICE | ||
| 942 | _n0 | ||
| 948 | _c04/03/1997 | ||
| 999 |
_c36975 _d36975 |
||